000 00538nam a2200181Ia 4500
008 100917s9999 xx 000 0 und d
082 _b26164
100 _aशेळके उध्दव
245 _aलेडिज होस्टेल
260 _bअनुपम प्रकाशन
_c1975
300 _a245
365 _b24
520 _aकादंबरी
630 _aलेडिज होस्टेल
650 _aकादंबरी
730 _aलेडिज होस्टेल
942 _cBOOK
999 _c631558
_d631555